<?xml version="1.0" encoding="UTF-8"?>
<record
    xmlns:xsi="http://www.w3.org/2001/XMLSchema-instance"
    xsi:schemaLocation="http://www.loc.gov/MARC21/slim http://www.loc.gov/standards/marcxml/schema/MARC21slim.xsd"
    xmlns="http://www.loc.gov/MARC21/slim">

  <leader>02206nam a2200301 a 4500</leader>
  <controlfield tag="001"> </controlfield>
  <controlfield tag="003">DO-SdBNP</controlfield>
  <controlfield tag="005">20231127084021.0</controlfield>
  <controlfield tag="008">970221s1998  dr a   001 0 spa  </controlfield>
  <datafield tag="040" ind1=" " ind2=" ">
    <subfield code="a">BPMSU</subfield>
    <subfield code="b">spa</subfield>
    <subfield code="c">BPMSU </subfield>
  </datafield>
  <datafield tag="082" ind1=" " ind2="4">
    <subfield code="a">RD861.08</subfield>
    <subfield code="b">H557g 1998</subfield>
    <subfield code="2">22</subfield>
  </datafield>
  <datafield tag="100" ind1="1" ind2=" ">
    <subfield code="a">Hern&#xE1;ndez Rueda, Lupo.</subfield>
  </datafield>
  <datafield tag="245" ind1="1" ind2="3">
    <subfield code="a">La generaci&#xF3;n del 48 / </subfield>
    <subfield code="c">Lupo Hern&#xE1;ndez Rueda; presentaci&#xF3;n Jos&#xE9; Rafael Lantigua.</subfield>
  </datafield>
  <datafield tag="246" ind1="1" ind2="2">
    <subfield code="a">Generaci&#xF3;n del cuarenta y ocho  </subfield>
  </datafield>
  <datafield tag="260" ind1=" " ind2=" ">
    <subfield code="a">Santo Domingo :</subfield>
    <subfield code="b">Comisi&#xF3;n Permanente de la Feria Nacional del Libro,</subfield>
    <subfield code="c">1998</subfield>
  </datafield>
  <datafield tag="300" ind1=" " ind2=" ">
    <subfield code="a">2 v. :</subfield>
    <subfield code="b">il. ;</subfield>
    <subfield code="c">23 cm.</subfield>
  </datafield>
  <datafield tag="500" ind1=" " ind2=" ">
    <subfield code="a">Incluye datos biogr&#xE1;ficos del autor en la solapa de la cubierta  </subfield>
  </datafield>
  <datafield tag="500" ind1=" " ind2=" ">
    <subfield code="a">Includes index.</subfield>
  </datafield>
  <datafield tag="505" ind1="0" ind2=" ">
    <subfield code="a">v. 1 : La historia -- v.2 :  Antolog&#xED;a po&#xE9;tica.</subfield>
  </datafield>
  <datafield tag="505" ind1="0" ind2=" ">
    <subfield code="a">La generaci&#xF3;n del 48 en la literatura dominicana 21 -- La generacipon literaria de una generaci&#xF3;n hist&#xF3;rica 37 -- Los poetas del 48 y sus criterios 49 -- El drama del silencio 61 -- La poes&#xED;a del desahogo 73 -- La poes&#xED;a-politico-social 89 -- La visi&#xF3;n prof&#xE9;tica optimista 123 -- La patria y el paisaje 155 -- La recreaci&#xF3;n hist&#xF3;rica 169 -- El tema de la sociedad, Dios y la angustia humana 181 -- Poes&#xED;a con el hombre universal y realismo humano 195 -- Lenguaje y expresi&#xF3;n po&#xE9;tica 203 -- El drama de amor en la generaci&#xF3;n del 48 225 -- Valera Benitez, o la patria temblando en la palabra 229 -- El idealismo amoroso de Cifre Navarro 243 -- Maximo Aviles Blonda: de la pureza serafica a lo humano 257 -- El misticismo sensual de Rafael Lara Cintr&#xF3;n 273 -- Pe&#xF1;a Lebron: La desolaci&#xF3;n que amo 281 -- V&#xED;ctor Villegas: La espera que nutre la esperanza 293 -- El romanticismo arraigado de Luis Alfredo Torres 309 -- El realismo amoroso en Abelardo Vicioso 325 -- Lupo: amor sobre la muerte 339 -- El testimonio de Abel Fern&#xE1;ndez Mej&#xED;a 355</subfield>
  </datafield>
  <datafield tag="590" ind1=" " ind2=" ">
    <subfield code="6">Inventariado, 2022/VM</subfield>
    <subfield code="a">Inventariado, 2023/VM</subfield>
  </datafield>
  <datafield tag="650" ind1=" " ind2="4">
    <subfield code="a">Literatura dominicana</subfield>
    <subfield code="x">Historia y critica </subfield>
    <subfield code="y">Siglo XX</subfield>
  </datafield>
  <datafield tag="650" ind1=" " ind2="4">
    <subfield code="a">Poes&#xED;a dominicana </subfield>
    <subfield code="v">Colecciones </subfield>
    <subfield code="y">Siglo XX</subfield>
  </datafield>
  <datafield tag="650" ind1=" " ind2="4">
    <subfield code="a">Poetas dominicanos </subfield>
  </datafield>
  <datafield tag="710" ind1="2" ind2=" ">
    <subfield code="a">Comisi&#xF3;n Permanente de la Feria Nacional del Libro (Rep&#xFA;blica Dominicana)</subfield>
  </datafield>
  <datafield tag="910" ind1=" " ind2=" ">
    <subfield code="a">VMateo V. Control de calidad. BPMSU</subfield>
  </datafield>
  <datafield tag="942" ind1=" " ind2=" ">
    <subfield code="2">ddc</subfield>
    <subfield code="c">BK</subfield>
  </datafield>
  <datafield tag="952" ind1=" " ind2=" ">
    <subfield code="0">0</subfield>
    <subfield code="1">0</subfield>
    <subfield code="2">ddc</subfield>
    <subfield code="4">0</subfield>
    <subfield code="7">0</subfield>
    <subfield code="8">CD</subfield>
    <subfield code="a">BPMET</subfield>
    <subfield code="b">BPMET</subfield>
    <subfield code="d">2022-05-06</subfield>
    <subfield code="o">BPMSU CD RD861.08 H557g 1998</subfield>
    <subfield code="p">BPMSU22050018</subfield>
    <subfield code="r">2022-05-06</subfield>
    <subfield code="t">v.1</subfield>
    <subfield code="w">2022-05-06</subfield>
    <subfield code="y">BK</subfield>
  </datafield>
  <datafield tag="952" ind1=" " ind2=" ">
    <subfield code="0">0</subfield>
    <subfield code="1">0</subfield>
    <subfield code="2">ddc</subfield>
    <subfield code="4">0</subfield>
    <subfield code="7">0</subfield>
    <subfield code="8">CD</subfield>
    <subfield code="a">BPMET</subfield>
    <subfield code="b">BPMET</subfield>
    <subfield code="d">2022-05-06</subfield>
    <subfield code="o">BPMSU CD RD861.08 H557g 1998</subfield>
    <subfield code="p">BPMSU22050019</subfield>
    <subfield code="r">2022-05-06</subfield>
    <subfield code="t">v.2</subfield>
    <subfield code="w">2022-05-06</subfield>
    <subfield code="y">BK</subfield>
  </datafield>
  <datafield tag="999" ind1=" " ind2=" ">
    <subfield code="c">14187</subfield>
    <subfield code="d">14187</subfield>
  </datafield>
</record>
